<?xml version="1.0" encoding="UTF-8"?><?xml-stylesheet type="text/xsl" href="static/style.xsl"?><OAI-PMH xmlns="http://www.openarchives.org/OAI/2.0/" xmlns:xsi="http://www.w3.org/2001/XMLSchema-instance" xsi:schemaLocation="http://www.openarchives.org/OAI/2.0/ http://www.openarchives.org/OAI/2.0/OAI-PMH.xsd"><responseDate>2026-06-07T23:47:06Z</responseDate><request verb="GetRecord" identifier="oai:docta.ucm.es:20.500.14352/62043" metadataPrefix="marc">https://docta.ucm.es/rest/oai/request</request><GetRecord><record><header><identifier>oai:docta.ucm.es:20.500.14352/62043</identifier><datestamp>2023-09-12T07:26:15Z</datestamp><setSpec>com_20.500.14352_14</setSpec><setSpec>col_20.500.14352_22</setSpec></header><metadata><record xmlns="http://www.loc.gov/MARC21/slim" xmlns:dcterms="http://purl.org/dc/terms/" xmlns:xsi="http://www.w3.org/2001/XMLSchema-instance" xmlns:doc="http://www.lyncode.com/xoai" xsi:schemaLocation="http://www.loc.gov/MARC21/slim http://www.loc.gov/standards/marcxml/schema/MARC21slim.xsd">
   <leader>00925njm 22002777a 4500</leader>
   <datafield ind2=" " ind1=" " tag="042">
      <subfield code="a">dc</subfield>
   </datafield>
   <datafield ind2=" " ind1=" " tag="720">
      <subfield code="a">Folgueira Valle, Gonzalo</subfield>
      <subfield code="e">author</subfield>
   </datafield>
   <datafield ind2=" " ind1=" " tag="260">
      <subfield code="c">2002</subfield>
   </datafield>
   <datafield ind2=" " ind1=" " tag="520">
      <subfield code="a">El mioma uterino es el tumor benigno más frecuente en la mujer (33% en mujeres mayores de 30 años) y su tratamiento actual, es fundamentalmente quirúrgico (histerctomia, miomectomia), con un alto índice de morbimortalidad y secuelas, el 30% de las histerctomias practicadas en el mundo, se hacen por este motivo. Si el mioma es un tumor estrogenodependiente, la supresión de estrógenos endógenos por medio de análogos agonistas de la gnrh puede ser un tratamiento médico eficaz. Como objetivo principal se demuestra que el tratamiento con gnrh-a es eficaz y definitivo en un alto porcentaje de casos, con reducción del tamaño del mioma y regresión de la sintomatología. Como objetivo secundario se demuestra que el tratamiento previo a la cirugía, reporta numerosas ventajas en términos de: mejora de los parámetros hematológicos, mayor facilidad en la cirugía y reconversión a técnicas quirúrgicas menos agresivas, menor perdida de sangre en el acto quirúrgico y menor tasa de complicaciones.</subfield>
   </datafield>
   <datafield ind1="8" ind2=" " tag="024">
      <subfield code="a">978-84-8466-569-4</subfield>
   </datafield>
   <datafield ind1="8" ind2=" " tag="024">
      <subfield code="a">https://hdl.handle.net/20.500.14352/62043</subfield>
   </datafield>
   <datafield ind2="0" ind1="0" tag="245">
      <subfield code="a">Mioma uterino : aproximación a un tratamiento médico eficaz con análogos agonistas de la hormona liberadora de gonadotrofinas hipofisarias</subfield>
   </datafield>
</record></metadata></record></GetRecord></OAI-PMH>